U.S. States by Last Letter (A-Z) - Statistics

General Stats
  • This quiz has been taken 1,305 times
    1,279 since last reset
  • The average score is 10 of 12
Answer Stats
Letter # Capital % Correct
A 21 Alabama | Alaska | Arizona | California | Florida | Georgia | Indiana | Iowa | Louisiana | Minnesota | Montana | Nebraska | Nevada | North Carolina | North Dakota | Oklahoma | Pennsylvania | South Carolina | South Dakota | Virginia | West Virginia
100%
E 4 Delaware | Maine | New Hampshire | Tennessee
93%
O 4 Colorado | Idaho | Ohio | New Mexico
92%
S 5 Arkansas | Illinois | Kansas | Massachusetts | Texas
91%
I 3 Hawaii | Mississippi | Missouri
89%
D 2 Maryland | Rhode Island
86%
N 4 Michigan | Oregon | Washington | Wisconsin
86%
Y 2 Kentucky | New Jersey
78%
T 2 Connecticut | Vermont
74%
H 1 Utah
65%
G 1 Wyoming
64%
K 1 New York
62%
No matching quizzes found
Score Distribution
Percent of People with Each Score
Percentile by Number Answered
Your Score History
You have not taken this quiz since the last reset